[Event "ICS Rated blitz match"]
[Site "207.99.83.227"]
[Date "1999.05.17"]
[Round "?"]
[White "Hossa"]
[Black "rb"]
[Result "0-1"]
[WhiteElo "2375"]
[BlackElo "2357"]
[Annotator "Crafty v16.6"]
[PlyCount "152"]

{annotating for player ossa using a scoring margin of +0.20 pawns. search time
limit is 1:00} 1. e4 1... c5 2. Nc3 Nc6 3. Nf3 e6 4. Bb5 a6 5. Bxc6 dxc6 6. d3
Bd6 7. e5 Bb8 8. Be3 b6 9. a4 a5 10. Ne4 Ba6 11. Bf4 Ne7 12. Nd6+ Bxd6 13. exd6
Nf5 14. Ng5 ({10:-0.64} 14. Ng5 14... e5 15. Bd2 Qxd6 16. O-O O-O 17. Qh5 Qh6
18. Qxh6 Nxh6 19. Rae1 $15) ({10:+0.22} 14. Ne5 14... Nxd6 15. Nxc6 Qc7 16. Ne5
O-O 17. O-O f6 18. Ng4 18... Rad8 $10) 14... Nxd6 15. Qh5 g6 16. Qf3 O-O 17.
Qh3 h5 18. O-O Nf5 19. Nf3 Nd4 20. Bh6 Nxc2 21. Rad1 ({12:-1.54} 21. Rad1 21...
Re8 22. Ne5 Nd4 23. Rfe1 Nf5 24. Be3 Bb7 25. Qf3 Qd5 26. Qf4 26... Rad8 $19) ({
12:-0.76} 21. Rac1 21... Qxd3 22. Rfd1 Qe4 23. Ng5 Qe2 24. Bxf8 Rxf8 25. Qc3
Nd4 26. Rd2 26... Qg4 $17) 21... Re8 22. Rd2 Nd4 23. Nxd4 Qxd4 24. Qf3 Qxa4 25.
Re1 ({10:-2.04} 25. Re1 25... f5 26. Bf4 Rac8 27. Qg3 Kf7 28. Bc7 Qb4 29. Ree2
29... g5 $19) ({10:-1.66} 25. d4 25... f5 26. Rfd1 Rad8 27. dxc5 Rxd2 28. Bxd2
bxc5 29. Re1 Qb5 30. Bc3 $19) 25... Kh7 26. Bg5 ({10:-1.95} 26. Bg5 26... Ra7
27. h3 Rd7 28. Bf6 Rd5 29. Re4 Qb3 30. Re3 30... Kg8 $19) ({10:-1.60} 26. Be3
26... Ra7 27. d4 c4 28. Bg5 Rd7 29. Qf4 Qb4 30. Bf6 30... Qd6 $19) 26... Ra7
27. Qe3 ({10:-2.45} 27. Qe3 27... Rd7 28. Bf6 Qg4 29. d4 Qf5 30. Be5 f6 31. Bf4
31... Kg8 $19) ({10:-2.13} 27. h3 27... Rd7 28. Bf6 Bb5 29. Re3 Qb3 30. Qe2 Qd5
31. Re5 31... Qd4 $19) 27... Qd4 28. Qf3 Qg4 29. Qe3 ({11:-2.89} 29. Qe3 29...
Rd7 30. Red1 Rd5 31. Bf4 Red8 32. f3 Qf5 33. Bc7 Rxd3 34. Rxd3 Rxd3 35. Rxd3
Bxd3 36. Bxb6 $19) ({11:-2.15} 29. Qxg4 29... hxg4 30. d4 cxd4 31. Rxd4 Kg7 32.
Rxg4 Rd7 33. Rf4 f5 34. b3 Rd3 35. Re3 $19) 29... Rd7 30. h3 ({10:-3.43} 30. h3
30... Qf5 31. Red1 f6 32. Bh4 Red8 33. d4 g5 34. Bg3 $19) ({10:-3.22} 30. Red1
30... Rd5 31. h4 Qd4 32. Qg3 Rc8 33. Qf3 Rf5 34. Qe4 34... Kg8 $19) 30... Qf5
31. Red1 Rd5 32. h4 Kg8 33. b3 Rd4 34. f3 f6 35. Bh6 Red8 36. Rb2 Kh7 37. Re1
Qxd3 38. g3 Qxe3+ 39. Bxe3 Rd3 40. Kf2 e5 41. Ree2 R3d7 42. Re1 Kg7 43. Ra1 Rd3
44. Rh1 Bc8 45. Rhb1 Bf5 46. Rh1 Be6 47. Rhb1 f5 48. Bg5 R8d4 49. Ke2 e4 50.
fxe4 Rxg3 51. Kf2 Rdd3 52. Bd8 Rgf3+ 53. Kg2 b5 54. e5 Rg3+ 55. Kf2 Rdf3+ 56.
Ke1 Bd5 57. Kd2 Rg2+ 58. Ke1 Re3+ 59. Kf1 Rg4 60. Bf6+ Kf8 61. Ra1 Bxb3 62.
Rxa5 Rf4+ 63. Kg2 Bd5+ 64. Kh2 Rf1 65. Ra8+ Kf7 66. Ra7+ Ke8 67. Ra8+ Kd7 68.
Rd8+ Kc7 69. Rxd5 cxd5 70. Kg2 Ra1 71. Kf2 d4 72. Rxb5 Ra2+ 73. Kf1 Rc3 74. Bg5
Rcc2 75. Kg1 Ra1+ 76. Bc1 Raxc1# 0-1

[Event "ICS Rated blitz match"]
[Site "207.99.83.227"]
[Date "1999.05.17"]
[Round "?"]
[White "zakay"]
[Black "Hossa"]
[Result "1-0"]
[WhiteElo "2008"]
[BlackElo "2358"]
[Annotator "Crafty v16.6"]
[PlyCount "43"]

{annotating for player ossa using a scoring margin of +0.20 pawns. search time
limit is 10.00} 1. e4 1... e5 2. d4 exd4 3. c3 dxc3 4. Bc4 cxb2 5. Bxb2 Nc6 6.
Nf3 Nf6 7. Qb3 Bb4+ 8. Nbd2 O-O 9. O-O Qe7 10. e5 Ng4 11. h3 Ngxe5 ({8:+2.02} 
11... Ngxe5 12. Nxe5 Nxe5 13. Bxe5 Bxd2 14. Bxg7 Re8 15. Qd3 Qe4 16. Qxd2 16...
Kxg7 $19) ({8:+2.84} 11... Bxd2 12. Ba3 Bb4 13. Bxb4 Nxb4 14. hxg4 Nc6 15. Qe3
15... Re8 $19) 12. Nxe5 Bxd2 ({9:+1.77} 12... Bxd2 13. Nxc6 dxc6 14. Bxg7 Rd8
15. Qg3 Qg5 16. Qxg5 Bxg5 17. Be5 17... Rd7 $19) ({9:+1.99} 12... Nxe5 13. Bxe5
Bxd2 14. Bxg7 Re8 15. Qd3 Bg5 16. Qd4 Qe4 17. Rad1 Qxd4 18. Bxd4 $19) 13. Nxc6
bxc6 14. Rad1 Ba5 ({8:+2.65} 14... Ba5 15. Qg3 g6 16. Qf3 Qh4 17. Rd4 Qg5 18.
Qe4 $19) ({8:+2.92} 14... Bg5 15. Rfe1 Qd8 16. Be5 Bf6 17. Qe3 Bxe5 18. Qxe5
18... d5 $19) 15. Qg3 g6 ({8:+1.00} 15... g6 16. Qf4 d5 17. Qd4 f6 18. Bxd5+
cxd5 19. Qxd5+ Be6 20. Qxa5 20... Rfd8 $17) ({8:+2.60} 15... g5 $19) 16. Qf3
Qh4 ({9:+2.17} 16... Qh4 17. Rd4 Qg5 18. Rg4 Qd2 19. Bf6 Bb6 20. Qf5 20... d5
$19) ({9:+2.84} 16... d5 17. Bd3 f5 18. Bd4 Qd6 19. Rc1 Bd2 20. Bc5 20... Qe6
$19) 17. Rd4 Qh5 18. Rg4 Rb8 19. Ba1 Rb2 20. Bxb2 d5 21. Qf6 Qh4 22. Qg7# 1-0

[Event "ICS Rated blitz match"]
[Site "207.99.83.227"]
[Date "1999.05.17"]
[Round "?"]
[White "macnet"]
[Black "Hossa"]
[Result "1-0"]
[WhiteElo "2270"]
[BlackElo "2320"]
[Annotator "Crafty v16.6"]
[PlyCount "94"]

{annotating for player ossa using a scoring margin of +0.20 pawns. search time
limit is 10.00} 1. e4 1... e5 2. Nf3 Nf6 3. d4 exd4 4. e5 Ne4 5. Qxd4 f5 6.
exf6 Nxf6 7. Bb5 Be7 8. Nc3 a6 9. Bc4 Nc6 10. Qd2 Na5 ({8:-0.89} 10... Na5 11.
Bd3 O-O 12. O-O b5 13. Qg5 Bb4 14. Ne2 $16) ({8:-0.68} 10... b5 11. Bd3 Nb4 12.
Be2 Bb7 13. O-O O-O 14. Re1 $14) 11. Be2 d5 12. O-O O-O 13. Rd1 c6 14. a3 Nc4 (
{7:-1.40} 14... Nc4 15. Bxc4 dxc4 16. Qe2 Qe8 17. Ne5 Be6 18. Nxc4 $16) ({
7:-0.76} 14... Qe8 15. Nxd5 cxd5 16. Qxa5 Bxa3 17. Qd2 17... Bc5 $16) 15. Bxc4
dxc4 16. Qf4 Qe8 17. Qxc4+ Kh8 ({8:-1.67} 17... Kh8 18. Re1 b5 19. Qf4 Nd5 20.
Qe5 Rf5 21. Qe4 $18) ({8:-1.35} 17... Qf7 18. Qxf7+ Rxf7 19. Ne5 Rf8 20. Re1
Re8 21. Bg5 Bf5 22. Rac1 $16) 18. Bg5 Qh5 19. Re1 Bd8 20. Qb4 Qf7 ({7:-2.27} 
20... Qf7 21. Ne5 Qg8 22. Qd6 Bf5 23. Rac1 23... Re8 $18) ({7:-1.82} 20... Kg8
21. Rad1 Bc7 22. Bxf6 Rxf6 23. Qc4+ Kf8 24. Nd5 Bxh2+ 25. Nxh2 cxd5 26. Rxd5
$18) 21. Ne5 Qg8 22. Re2 Bc7 23. Rae1 a5 24. Qe7 Bd8 25. Qc5 Bc7 26. Bxf6 gxf6
27. Nd3 Bd7 28. Re7 Bh3 29. g3 Rac8 30. Qa7 Bb8 31. Qxb7 Bd6 32. R7e3 Qg4 33.
Ne4 Bb8 34. b3 Rcd8 35. Nec5 Be5 36. Qxc6 Bc3 37. Ne6 Rc8 38. Qb7 Rg8 39. R1e2
Rb8 40. Qf7 Ba1 41. Ndf4 Qf5 42. Nxh3 Qxh3 43. Re1 Bb2 44. Rb1 Bd4 45. Nxd4
Rbf8 46. Qe7 Qh5 47. Rbe1 Qh6 1-0

[Event "ICS Rated blitz match"]
[Site "207.99.83.227"]
[Date "1999.05.17"]
[Round "?"]
[White "brit"]
[Black "Hossa"]
[Result "0-1"]
[WhiteElo "1941"]
[BlackElo "2302"]
[PlyCount "60"]

1. b4 e5 2. Bb2 Bxb4 3. Bxe5 Nf6 4. f4 d6 5. Bb2 O-O 6. Nf3 Nd5 7. c3 Bc5 8. d4
Bb6 9. g3 Ne3 10. Qd2 Re8 11. Na3 Bg4 12. Kf2 Nc6 13. h3 Bf5 14. g4 Bd7 15. Nc2
Nc4 16. Qc1 Qe7 17. e3 Nxb2 18. Qxb2 d5 19. Bd3 a6 20. Rae1 Qf6 21. Kg3 Ne7 22.
Ne5 Bb5 23. Bxb5 axb5 24. Rhf1 Ra5 25. Nb4 Qe6 26. Qc2 f6 27. f5 Qd6 28. Nbd3
Nc6 29. Kg2 fxe5 30. dxe5 30... Nxe5 {brit resigns} 0-1

[Event "ICS Rated blitz match"]
[Site "207.99.83.227"]
[Date "1999.05.17"]
[Round "?"]
[White "Hossa"]
[Black "Esen"]
[Result "1-0"]
[WhiteElo "2306"]
[BlackElo "2011"]
[PlyCount "37"]

1. e4 c6 2. d4 d5 3. Nc3 dxe4 4. Nxe4 Nd7 5. Nf3 Ngf6 6. Bd3 Nxe4 7. Bxe4 Nf6
8. Bd3 Bg4 9. O-O e6 10. Be3 Be7 11. c4 Bxf3 12. Qxf3 O-O 13. Qf4 Qd6 14. Qh4
h6 15. Rae1 Rfd8 16. Bb1 Nd5 17. Qg4 Nxe3 18. fxe3 Bf6 19. Rxf6 {Esen resigns}
1-0

[Event "ICS Rated blitz match"]
[Site "207.99.83.227"]
[Date "1999.05.17"]
[Round "?"]
[White "ronybony"]
[Black "Hossa"]
[Result "0-1"]
[WhiteElo "1936"]
[BlackElo "2311"]
[PlyCount "92"]

1. e4 e5 2. Nf3 Nf6 3. Nxe5 Qe7 4. d4 d6 5. Nf3 Qxe4+ 6. Be2 Bf5 7. c3 Be7 8.
O-O O-O 9. Nbd2 Qc6 10. Re1 Re8 11. Ng5 Nbd7 12. Bf3 Nd5 13. Nxf7 Kxf7 14. c4
N7f6 15. cxd5 Nxd5 16. Qb3 Be6 17. Rxe6 Kxe6 18. Nc4 Rf8 19. Ne3 Rxf3 20. gxf3
Bf6 21. Bd2 Bxd4 22. Rc1 Bc5 23. Qc4 Rf8 24. b4 Kd7 25. bxc5 Nf4 26. cxd6 cxd6
27. Qxc6+ bxc6 28. Kf1 g6 29. Rb1 Rc8 30. Rb7+ Rc7 31. Rxc7+ Kxc7 32. Nc4 Nd5
33. Ke2 Kd7 34. Kd3 a6 35. Ke4 Ne7 36. Nb6+ Ke6 37. Bf4 Nf5 38. Nc8 h6 39. Na7
Kd7 40. Kd3 Kc7 41. Kc4 Kb7 42. Nxc6 Kxc6 43. a4 h5 44. Kb4 Nd4 45. Ka5 Kb7 46.
Bxd6 46... Nc6# {ronybony checkmated} 0-1

[Event "ICS Rated blitz match"]
[Site "207.99.83.227"]
[Date "1999.05.17"]
[Round "?"]
[White "Hossa"]
[Black "Riporto2"]
[Result "0-1"]
[WhiteElo "2314"]
[BlackElo "1981"]
[Annotator "Crafty v16.6"]
[PlyCount "67"]

{annotating for player ossa using a scoring margin of +0.20 pawns. search time
limit is 10.00} 1. e4 1... e5 2. f4 exf4 3. Nf3 d6 4. d4 g5 5. h4 ({8:-0.97} 5.
h4 5... g4 6. Ng1 Bh6 7. Ne2 f3 8. gxf3 gxf3 9. Nf4 $17) ({8:-0.67} 5. h3 5...
Bh6 6. Nc3 Nc6 7. Bb5 Nge7 8. h4 8... g4 $15) 5... g4 6. Ng5 ({8:-2.13} 6. Ng5
6... f6 7. Nxh7 Rxh7 8. Bxf4 Rh5 9. Bc4 9... Ne7 $19) ({8:-1.04} 6. Ng1 6...
Bh6 7. Nc3 g3 8. Qf3 Nc6 9. Nge2 Qf6 10. Bxf4 10... Nxd4 $17) 6... h6 7. Nxf7
Kxf7 8. Bc4+ Kg7 9. Bxf4 Be7 10. Nc3 ({8:-2.69} 10. Nc3 10... Bxh4+ 11. g3 Bg5
12. Qd3 Bxf4 13. gxf4 Nf6 14. O-O-O 14... h5 $19) ({8:-2.46} 10. g3 10... Nf6
11. Nc3 Nh5 12. Rf1 Rf8 13. Qd2 Nxf4 14. Rxf4 Rxf4 15. Qxf4 $19) 10... Bxh4+
11. g3 Bg5 12. Qd2 ({8:-2.69} 12. Qd2 12... Bxf4 13. gxf4 h5 14. O-O-O Nd7 15.
Rdf1 Nb6 16. Bd3 $19) ({8:-2.43} 12. Rf1 12... Nc6 13. Qd2 Bf6 14. Bxg8 Kxg8
15. d5 Bxc3 16. bxc3 Ne5 17. Bxh6 $19) 12... Bxf4 13. Qxf4 Qf6 14. Nd5 Qxf4 15.
gxf4 Nc6 16. Nxc7 Rb8 17. Ne8+ Kf8 18. Nxd6 Nxd4 19. O-O-O Nc6 20. Bxg8 ({
8:-1.19} 20. Bxg8 20... Kxg8 21. Rh4 Bd7 22. f5 h5 23. Rdh1 Be8 24. f6 $17) ({
8:-0.27} 20. e5 20... Na5 21. Be2 Be6 22. f5 Bxa2 23. Bxg4 Bc4 24. Nxc4 24...
Nxc4 $10) 20... Kxg8 21. Rh5 Be6 22. Rdh1 Kg7 23. R1h4 g3 24. f5 Rbg8 25. Rh1
Bxa2 26. b3 g2 27. Rg1 Kf6 28. Nc4 Nd4 29. Kb2 Nf3 30. e5+ Ke7 31. e6 Nxg1 32.
Ne3 Ne2 33. Nxg2 Rxg2 34. Rh4 0-1

[Event "ICS rated blitz match"]
[Site "207.99.83.227"]
[Date "1999.05.17"]
[Round "?"]
[White "kaiser"]
[Black "Hossa"]
[Result "1/2-1/2"]
[WhiteElo "2007"]
[BlackElo "2286"]
[PlyCount "62"]

1. d4 Nf6 2. Nf3 e6 3. c4 d5 4. Nc3 Be7 5. Bf4 O-O 6. e3 Nc6 7. Be2 Nh5 8. Bg3
Nxg3 9. hxg3 dxc4 10. Bxc4 Nb4 11. a3 Nd5 12. Bd3 h6 13. Rc1 Nxc3 14. Rxc3 c6
15. Bb1 Bd6 16. Qd3 f5 17. e4 Qe7 18. O-O a5 19. Re1 Qf7 20. exf5 exf5 21. Ne5
Bxe5 22. Rxe5 Be6 23. Qe2 Rae8 24. Rce3 Bc4 25. Qe1 Rxe5 26. Rxe5 Qh5 27. Re7
Qg4 28. Qe5 Qd1+ 29. Kh2 Qh5+ 30. Kg1 Qd1+ 31. Kh2 31... Qh5+ {
Game drawn by mutual agreement} 1/2-1/2

[Event "ICS rated blitz match"]
[Site "207.99.83.227"]
[Date "1999.05.17"]
[Round "?"]
[White "Hossa"]
[Black "DonTomaso"]
[Result "1-0"]
[WhiteElo "2275"]
[BlackElo "2070"]
[PlyCount "47"]

1. e4 c5 2. Nc3 Nc6 3. Nf3 g6 4. Bc4 Bg7 5. d3 e6 6. O-O Nge7 7. Bg5 h6 8. Be3
b6 9. Bb5 Bb7 10. Qd2 a6 11. Bxc6 Nxc6 12. Rfd1 Nd4 13. Bxd4 cxd4 14. Ne2 e5
15. Qb4 d6 16. Nd2 O-O 17. Nc4 d5 18. Qxb6 Rb8 19. Qxd8 Rfxd8 20. Nd2 f5 21.
exf5 gxf5 22. f4 e4 23. Nb3 Bc8 24. Rab1 {DonTomaso resigns} 1-0

[Event "ICS rated blitz match"]
[Site "207.99.83.227"]
[Date "1999.05.17"]
[Round "?"]
[White "oculus"]
[Black "Hossa"]
[Result "1-0"]
[WhiteElo "1924"]
[BlackElo "2283"]
[Annotator "Crafty v16.6"]
[PlyCount "131"]

{annotating for player ossa using a scoring margin of +0.20 pawns. search time
limit is 10.00} 1. e4 1... e5 2. Nc3 Bc5 3. g3 Nf6 4. Bg2 O-O 5. d3 Nc6 6. Nge2
Ng4 7. O-O f5 ({9:-0.53} 7... f5 8. Bf3 Qe8 9. Nb5 Nxf2 10. Rxf2 Bxf2+ 11. Kxf2
fxe4 12. dxe4 12... Qh5 $14) ({9:+0.27} 7... Qf6 8. Qe1 Nb4 9. Nd5 Nxd5 10.
exd5 Qf5 11. Bd2 Qh5 12. h3 $10) 8. h3 Nxf2 9. Rxf2 fxe4 ({8:-1.05} 9... fxe4
10. Nxe4 Bxf2+ 11. Nxf2 d5 12. Be3 d4 13. Bd2 Bf5 14. Rc1 $16) ({8:-0.25} 9...
d6 10. exf5 Bxf5 11. Bd5+ Kh8 12. Bxc6 Bxf2+ 13. Kxf2 bxc6 14. Kg2 14... Qf6
$10) 10. d4 Rxf2 11. Kxf2 Nxd4 12. Be3 Qf8+ 13. Kg1 Nf3+ 14. Bxf3 Bxe3+ 15. Kh2
Qxf3 ({9:+2.33} 15... Qxf3 16. Qd5+ Kf8 17. Qxe5 Qf2+ 18. Kh1 d6 19. Qxe4 Bxh3
20. Qxb7 Rc8 21. Qd5 $19) ({9:+3.08} 15... exf3 16. Qd5+ Qf7 17. Rf1 f2 18.
Qxe5 Bb6 19. Qd5 Qe6 20. Kh1 20... Kh8 $19) 16. Qd5+ Kf8 17. Qxe4 Qxe4 18. Nxe4
d5 19. N4c3 Be6 ({9:+3.27} 19... Be6 20. Re1 Bf7 21. Ng1 Bd4 22. Nf3 Bxc3 23.
bxc3 e4 24. Ne5 $19) ({9:+3.48} 19... c6 20. Re1 Ke7 21. Ng1 Bd4 22. Nf3 Bxc3
23. bxc3 e4 24. Ne5 $19) 20. Rf1+ Kg8 21. Nb5 Rc8 22. Ng1 a6 23. Nc3 Rf8 24.
Rxf8+ Kxf8 25. a3 Bxg1+ 26. Kxg1 Ke7 27. Kg2 d4 28. Ne4 Bb3 29. cxb3 Ke6 30.
Kf3 Kd5 31. Nd2 h5 32. g4 b5 33. gxh5 c5 34. h4 d3 35. Ke3 c4 36. bxc4+ bxc4
37. Ne4 a5 38. Nc3+ Ke6 39. Ke4 d2 40. Ke3 Kf5 41. Kxd2 Kg4 42. Ke3 Kxh4 43.
Ke4 Kxh5 44. Kxe5 g5 45. Kd4 Kh4 46. Kxc4 Kh3 47. Ne4 Kh4 48. b4 g4 49. b5 Kh3
50. b6 a4 51. b7 Kh4 52. b8=Q Kh5 53. Qh8+ Kg6 54. Qg8+ Kf5 55. Nd6+ Ke5 56.
Nb5 Kf6 57. Qxg4 Kf7 58. Kb4 Ke7 59. Kxa4 Kf8 60. Qd7 Kg8 61. Kb4 Kf8 62. Kc4
Kg8 63. Kd5 Kf8 64. Ke6 Kg8 65. Kf6 Kh8 66. Qg7# 1-0

[Event "ICS rated blitz match"]
[Site "207.99.83.227"]
[Date "1999.05.17"]
[Round "?"]
[White "NewChamp"]
[Black "Hossa"]
[Result "1-0"]
[WhiteElo "1932"]
[BlackElo "2255"]
[Annotator "Crafty v16.6"]
[PlyCount "86"]

{annotating for player ossa using a scoring margin of +0.20 pawns. search time
limit is 10.00} 1. e4 1... e5 2. Nf3 Nf6 3. Nxe5 Qe7 4. d4 d6 5. Nf3 Qxe4+ 6.
Be2 Bf5 7. O-O Qxc2 8. Re1 Qxd1 9. Bxd1+ Be7 10. Nc3 Nc6 11. Ba4 Be6 12. Bg5
O-O 13. d5 Nxd5 14. Nxd5 Bxg5 15. Nxc7 Bf6 16. Nxa8 Rxa8 17. Rad1 Rd8 18. Bxc6
bxc6 19. Nd4 Bd5 20. b3 h5 21. Nf5 Kh7 22. Ne7 Re8 23. Nxd5 Rxe1+ 24. Rxe1 cxd5
25. Rd1 d4 26. b4 Kg6 27. Kf1 Kf5 28. Ke2 d5 29. Kd3 Be5 30. h3 g5 31. a4 f6
32. b5 Ke6 33. a5 Bc7 34. a6 Bb6 35. Rc1 Kf5 36. Rc6 Bd8 37. Rd6 Bc7 38. Rxd5+
Ke6 39. Rxd4 Ke5 40. Rd7 Kf5 41. Rxc7 g4 42. hxg4+ hxg4 43. b6 axb6 1-0

[Event "ICS rated blitz match"]
[Site "207.99.83.227"]
[Date "1999.05.17"]
[Round "?"]
[White "Hossa"]
[Black "Brookie"]
[Result "1-0"]
[WhiteElo "2227"]
[BlackElo "1924"]
[PlyCount "37"]

1. e4 e5 2. f4 exf4 3. Nf3 d6 4. d4 g5 5. h4 f6 6. hxg5 fxg5 7. Bb5+ c6 8. Bc4
Bg4 9. Bxg8 Rxg8 10. Rxh7 Nd7 11. d5 c5 12. Nc3 Qf6 13. Nb5 O-O-O 14. Nxa7+ Kb8
15. Nc6+ bxc6 16. dxc6 Ne5 17. c7+ Kc8 18. cxd8=Q+ Kxd8 19. Qd5 {
Brookie resigns} 1-0

[Event "ICS rated blitz match"]
[Site "207.99.83.227"]
[Date "1999.05.17"]
[Round "?"]
[White "Brookie"]
[Black "Hossa"]
[Result "0-1"]
[WhiteElo "1919"]
[BlackElo "2232"]
[PlyCount "100"]

1. d4 Nf6 2. c4 d6 3. Nc3 Nbd7 4. e4 e5 5. Nf3 Be7 6. Be2 O-O 7. O-O c5 8. d5
Nb6 9. h3 Ne8 10. Qc2 f5 11. exf5 Bxf5 12. Bd3 Qd7 13. b3 Bxd3 14. Qxd3 Nc7 15.
Ne4 Qf5 16. Qe2 a5 17. Bb2 Qg6 18. Ng3 a4 19. Qe4 Qxe4 20. Nxe4 Rf5 21. Nfd2 a3
22. Bc3 Nd7 23. f3 Rf4 24. g3 Rf7 25. Kg2 b5 26. Rab1 b4 27. Ba1 Raf8 28. Rf2
Rf5 29. Rbf1 Ne8 30. f4 exf4 31. Rxf4 Rxf4 32. Rxf4 Rxf4 33. gxf4 Kf7 34. Kg3
Kf8 35. Nf3 Bf6 36. Nxf6 gxf6 37. Kg4 Ng7 38. Nh4 Ke8 39. Nf5 h5+ 40. Kh4 Nxf5+
41. Kxh5 Kf7 42. Kg4 Ne3+ 43. Kh5 Nc2 44. Bxf6 Nxf6+ 45. Kg5 Ne4+ 46. Kf5 Nc3
47. h4 Nxa2 48. h5 Nc1 49. h6 a2 50. h7 50... a1=Q {Brookie resigns} 0-1

[Event "ICS rated blitz match"]
[Site "207.99.83.227"]
[Date "1999.05.17"]
[Round "?"]
[White "Hossa"]
[Black "Lifton"]
[Result "1-0"]
[WhiteElo "2241"]
[BlackElo "1990"]
[PlyCount "39"]

1. e4 c5 2. Nc3 Nc6 3. Nf3 d6 4. d4 cxd4 5. Nxd4 Nxd4 6. Qxd4 Nf6 7. Bb5+ Bd7
8. Bxd7+ Qxd7 9. Bg5 Ng4 10. Rd1 h6 11. Bh4 a6 12. O-O Ne5 13. Nd5 Qc6 14. Bg3
Nd7 15. c4 Rc8 16. b3 Nc5 17. e5 e6 18. Nb4 Qb6 19. exd6 Qxb4 20. d7+ {
Lifton resigns} 1-0

[Event "ICS Rated blitz match"]
[Site "207.99.83.227"]
[Date "1999.05.17"]
[Round "?"]
[White "Rabbit-Basher"]
[Black "Hossa"]
[Result "0-1"]
[WhiteElo "2390"]
[BlackElo "2251"]
[PlyCount "74"]

1. e4 e5 2. f4 exf4 3. Nf3 g5 4. h4 g4 5. Ne5 f3 6. Nxg4 fxg2 7. Bxg2 Be7 8.
O-O Bxh4 9. Qf3 Qe7 10. Nc3 Qc5+ 11. d4 Qxd4+ 12. Be3 Qg7 13. Nd5 Na6 14. Rad1
h5 15. Ne5 Rh7 16. Bd4 d6 17. Nc4 Qg6 18. Nce3 Bg5 19. Nf5 h4 20. Kh1 f6 21.
Bh3 Kd8 22. c4 Bd7 23. c5 dxc5 24. Bc3 Rf7 25. Rg1 Qh7 26. Nfe3 Kc8 27. Bxd7+
Rxd7 28. Nf5 c6 29. Nde3 Rxd1 30. Rxd1 Kc7 31. e5 Rf8 32. e6 Kb8 33. Nc4 Ne7
34. Ncd6 Nc7 35. Nxe7 Qxe7 36. Nxb7 Kxb7 37. Rd7 37... Qxe6 {
Rabbit-Basher resigns} 0-1

[Event "ICS rated blitz match"]
[Site "207.99.83.227"]
[Date "1999.05.17"]
[Round "?"]
[White "Hossa"]
[Black "MarkOrr"]
[Result "1-0"]
[WhiteElo "2273"]
[BlackElo "2168"]
[PlyCount "49"]

1. e4 c6 2. d4 d5 3. Nc3 dxe4 4. Nxe4 Bf5 5. Ng3 Bg6 6. Nf3 Nf6 7. Bd3 e6 8.
Bxg6 hxg6 9. Bg5 Be7 10. Qd2 Nbd7 11. O-O-O Nd5 12. Ne4 f6 13. Bh4 Qb6 14. c4
Nc7 15. Bg3 O-O-O 16. Bd6 Rhe8 17. Qc3 Nf8 18. Qa3 c5 19. Bxc5 Bxc5 20. dxc5
Qc6 21. Nd6+ Kb8 22. Nxe8 Rxe8 23. Rd6 Qe4 24. Rd4 Qf5 25. g4 {MarkOrr resigns}
1-0

[Event "ICS rated blitz match"]
[Site "207.99.83.227"]
[Date "1999.05.17"]
[Round "?"]
[White "Bliv"]
[Black "Hossa"]
[Result "0-1"]
[WhiteElo "1902"]
[BlackElo "2284"]
[PlyCount "66"]

1. f4 Nf6 2. b3 e6 3. Bb2 d5 4. Nf3 Bd6 5. e3 O-O 6. Be2 c5 7. O-O Nc6 8. Bb5
a6 9. Bxc6 bxc6 10. Ne5 Qe8 11. d3 a5 12. a4 Be7 13. Nd2 Rb8 14. Rb1 Bd6 15.
Qe1 Bb7 16. Qh4 Qe7 17. Ndf3 Rbd8 18. Ng4 Nxg4 19. Qxg4 f6 20. Rbe1 Rde8 21. e4
dxe4 22. dxe4 c4 23. e5 Bc5+ 24. Bd4 Bxd4+ 25. Nxd4 Qc5 26. Rd1 cxb3 27. cxb3
fxe5 28. fxe5 Rxf1+ 29. Kxf1 Qxe5 30. Re1 Rf8+ 31. Nf3 Ba6+ 32. Kg1 Qxe1+ 33.
Nxe1 33... Rf1# {Bliv checkmated} 0-1

[Event "ICS rated blitz match"]
[Site "207.99.83.227"]
[Date "1999.05.17"]
[Round "?"]
[White "Hossa"]
[Black "kaiser"]
[Result "1-0"]
[WhiteElo "2287"]
[BlackElo "1989"]
[PlyCount "25"]

1. e4 c5 2. Nc3 Nc6 3. Nf3 g6 4. Bc4 Bg7 5. d3 e6 6. O-O Nge7 7. Bg5 O-O 8. Qc1
Re8 9. Bh6 Bh8 10. Qf4 Nd4 11. Nxd4 cxd4 12. Nb5 e5 13. Qxf7# {
kaiser checkmated} 1-0

[Event "ICS rated blitz match"]
[Site "207.99.83.227"]
[Date "1999.05.17"]
[Round "?"]
[White "lunarlander"]
[Black "Hossa"]
[Result "0-1"]
[WhiteElo "2166"]
[BlackElo "2280"]
[PlyCount "74"]

1. e4 e5 2. Nf3 Nf6 3. Nxe5 d6 4. Nf3 Nxe4 5. Nc3 Nxc3 6. dxc3 Be7 7. Bf4 O-O
8. Qd2 Bf6 9. O-O-O Bg4 10. Be2 Re8 11. h3 Be6 12. Kb1 Qd7 13. g4 Bxa2+ 14.
Kxa2 Qe6+ 15. Kb1 Qxe2 16. Rde1 Qb5 17. Qd3 Qd7 18. Rxe8+ Qxe8 19. Re1 Qd8 20.
g5 Be7 21. h4 Qd7 22. h5 Bf8 23. g6 h6 24. Nd4 Nc6 25. Nf5 fxg6 26. hxg6 Re8
27. Rg1 Kh8 28. Bxh6 gxh6 29. g7+ Bxg7 30. Rxg7 Re1+ 31. Ka2 Ne7 32. Rh7+ Kxh7
33. Nxe7+ Kg7 34. Qg6+ Kf8 35. Qxh6+ Kxe7 36. Qg5+ Kf8 37. Qf6+ 37... Qf7+ {
lunarlander resigns} 0-1

[Event "ICS rated blitz match"]
[Site "207.99.83.227"]
[Date "1999.05.17"]
[Round "?"]
[White "Hossa"]
[Black "Moschino"]
[Result "1-0"]
[WhiteElo "2291"]
[BlackElo "2093"]
[PlyCount "34"]

1. e4 e5 2. f4 exf4 3. Nf3 Be7 4. Nc3 Nf6 5. d3 d5 6. Bxf4 dxe4 7. dxe4 Nbd7 8.
Nb5 Bb4+ 9. c3 Ba5 10. Qa4 Bb6 11. O-O-O O-O 12. e5 Ng4 13. Bg5 Nc5 14. Qc2 Qe8
15. Rd8 Qxd8 16. Bxd8 Rxd8 17. Nbd4 17... Nxe5 {Moschino resigns} 1-0

[Event "ICS rated blitz match"]
[Site "207.99.83.227"]
[Date "1999.05.17"]
[Round "?"]
[White "deck"]
[Black "Hossa"]
[Result "0-1"]
[WhiteElo "2201"]
[BlackElo "2299"]
[PlyCount "58"]

1. e4 e5 2. f4 exf4 3. Nf3 d6 4. Bc4 h6 5. h4 Be7 6. d3 Bg4 7. Bxf4 Bxh4+ 8.
Rxh4 Bxf3 9. Qxf3 Qxh4+ 10. g3 Qd8 11. Nc3 Nc6 12. O-O-O Qd7 13. d4 O-O-O 14.
e5 g5 15. Be3 dxe5 16. dxe5 Nxe5 17. Qe4 Qe8 18. Rxd8+ Kxd8 19. Qxb7 Nxc4 20.
Qb8+ Kd7 21. Qb5+ c6 22. Qb7+ Kd6 23. Bf2 Ne5 24. Ne4+ Kd5 25. Qb4 a5 26. Qd4+
Ke6 27. g4 f6 28. Bg3 Qe7 29. c4 29... Nxg4 {deck resigns} 0-1

[Event "ICS rated blitz match"]
[Site "207.99.83.227"]
[Date "1999.05.17"]
[Round "?"]
[White "Hossa"]
[Black "RedBear"]
[Result "1/2-1/2"]
[WhiteElo "2305"]
[BlackElo "2472"]
[PlyCount "95"]

1. e4 c6 2. d4 d5 3. e5 Bf5 4. Nf3 e6 5. Bd3 Bxd3 6. Qxd3 Qa5+ 7. Bd2 Qa6 8.
Qb3 Nd7 9. Nc3 Qb6 10. Na4 Qxb3 11. axb3 Ne7 12. Bb4 Ng6 13. Bd6 f6 14. O-O
fxe5 15. dxe5 Be7 16. Nd4 Bxd6 17. exd6 Nf4 18. b4 e5 19. Nf5 g6 20. Ng3 Rf8
21. Nc5 a6 22. Nxb7 Rb8 23. Na5 Rxb4 24. Nxc6 Rxb2 25. Rxa6 Rxc2 26. Re1 Nd3
27. Rd1 Rfxf2 28. Rxd3 Rxg2+ 29. Kf1 Rxh2 30. Re3 e4 31. Ne7 Nf6 32. Re2 Rc1+
33. Re1 Rxe1+ 34. Kxe1 Kd7 35. Nxd5 Nxd5 36. Nxe4 Rc2 37. Ra7+ Ke6 38. Rxh7 Rc4
39. Rh4 Kd7 40. Nf6+ Nxf6 41. Rxc4 Kxd6 42. Rh4 Ke5 43. Rh6 Kf5 44. Ke2 g5 45.
Rxf6+ Kxf6 46. Ke3 g4 47. Kf4 g3 48. Kxg3 {
Game drawn because neither player has mating material} 1/2-1/2

[Event "ICS rated blitz match"]
[Site "207.99.83.227"]
[Date "1999.05.17"]
[Round "?"]
[White "Gome"]
[Black "Hossa"]
[Result "0-1"]
[WhiteElo "1961"]
[BlackElo "2312"]
[PlyCount "50"]

1. d4 Nf6 2. c4 d6 3. Nc3 Nbd7 4. e4 e5 5. d5 Be7 6. f3 O-O 7. Be3 Nb6 8. Qd2
c6 9. O-O-O cxd5 10. cxd5 Qc7 11. Kb1 Nc4 12. Bxc4 Qxc4 13. Rc1 Bd7 14. Qe2 Qb4
15. a3 Qb3 16. Qc2 Qxc2+ 17. Rxc2 b5 18. Nge2 Rfc8 19. Rhc1 a5 20. g4 b4 21.
axb4 axb4 22. Nd1 Rxc2 23. Rxc2 Ba4 24. Rc1 Bb5 25. Ng3 25... Bd3+ {
Gome resigns} 0-1